000 01145nam a2200337 4500
001 18306
003 BD-RjUL
005 20211209000251.0
008 140220m1972enkb b 001 0 eng
020 _a0490002404 (v. 1)
020 _a9780490002401 (v. 1)
035 _a(OCoLC)ocm00572498
035 _a(OCoLC)572498
035 _a(NNC)561802
040 _aDLC
_beng
_cDLC
_dNLGGC
_dCUD
_dCRU
_dIMM
_dLVB
_dZWZ
_dUKMGB
_dOCLCO
041 _aeng
082 0 0 _a809
084 _a17.76
_2bcl
245 0 0 _aThe mediaeval world /
_cgeneral editors David Daiches, Anthony Thorlby.
260 _aLondon :
_bAldus,
_c1973.
300 _a725 p. :
_bill, ;
_c26 cm.
490 _aLiterature and western civilization .
504 _aIncludes bibliographies.
505 0 _aThe classical world--The mediaeval world--The old world: discovery and rebirth--The modern world I: hopes--The modern world II: realities.
650 0 _aLiterature
_xHistory and criticism.
_956351
700 1 _aDaiches, David,
_d1912-2005,
_eeditor.
_952486
700 1 _aThorlby, Anthony,
_eeditor.
_956352
942 _2ddc
_cBK
999 _c18306
_d18306